| 000 | 00600cam a2200169 i 4500 | ||
|---|---|---|---|
| 020 | _a0669028398 | ||
| 082 | 0 | 0 |
_a338.9/009172/4 _bTHI _cD |
| 245 | 0 | 0 |
_aThird-world poverty : _bnew strategies for measuring development progress / _cedited by William Paul McGreevey. |
| 260 |
_aLexington, Mass. : _bLexington Books, _cc1980. |
||
| 300 |
_axx, 215 p. : _bill. ; _c24 cm. |
||
| 490 | 1 | _aThe Battelle Human Affairs Research Centers series | |
| 500 | _aIncludes index. | ||
| 526 |
_a0 _b0 _c0 _d338_900917240000000_THI |
||
| 650 |
_aMCE _9379 |
||
| 700 | 1 |
_aMcGreevey, William Paul. _937284 |
|
| 942 |
_2ddc _cBK |
||
| 999 |
_c542189 _d542189 |
||